| 000 | 00915nab a2200277 4500 | ||
|---|---|---|---|
| 003 | BR-BrBNA | ||
| 005 | 20251023121010.0 | ||
| 008 | 251023b bl.||||| |||| 00| 0 por d | ||
| 040 |
_aBR-BrBNA _bpor |
||
| 072 |
_aF01 ; E21 ; E13 ; Q04 ; E70 ; E71 ; P01 _b9538 ; 0312 |
||
| 100 | _aCosta, Fátima | ||
| 245 |
_aÓleo natureba _bAgronegócios |
||
| 500 | _a4 illus. | ||
| 650 | _aDENDÊ | ||
| 650 | _aPLANTA OLEAGINOSA | ||
| 650 | _aINDÚSTRIA DE ÓLEO DE PALMA | ||
| 650 | _aAGROINDÚSTRIA | ||
| 650 | _aINVESTIMENTO | ||
| 650 | _aCERTIFICAÇÃO DE PRODUTO | ||
| 650 | _aCOMERCIALIZAÇÃO | ||
| 650 | _aEXPORTAÇÃO | ||
| 650 | _aSUSTENTABILIDADE | ||
| 773 | 0 |
_01706 _9347993 _dSão Paulo-SP Editora Três Ltda - E-mail: luizfsa@revistadinheiro.com.br 2004 _o2025-0488 _tDinheiro Rural (Brazil) _x1807-3700 _gv. 7(84) p. 74-76; (Oct 2011) _wBR2025004570 |
|
| 942 | _cANA | ||
| 999 |
_c338786 _d338786 |
||